| 000 | 00774nam a22002653a 4500 | ||
|---|---|---|---|
| 001 | 16402190 | ||
| 003 | OSt | ||
| 005 | 20151008130156.0 | ||
| 008 | 890322s1989 nyu 000 1 eng d | ||
| 010 | _a 00520646 | ||
| 020 |
_a0425114007 (pbk.) : _c$2.50 |
||
| 035 | _a(OCoLC)ocm19411968 | ||
| 040 |
_aOCO _cOCO _dDLC |
||
| 050 | 0 | 0 | _aCPB Box no. 1696 vol. 3 |
| 100 | 1 | _aEvanovich, Janet. | |
| 245 | 1 | 0 |
_aFoul play / _cSteffie Hall. |
| 250 | _a1st ed. | ||
| 260 |
_aNew York : _bBerkley Books, _c1989. |
||
| 300 |
_a177 p. ; _c18 cm. |
||
| 490 | 0 |
_aSecond Chance at Love ; _v456 |
|
| 655 | 7 |
_aLove stories. _2gsafd |
|
| 710 | 2 |
_aCopyright Paperback Collection (Library of Congress) _5DLC |
|
| 906 |
_a7 _bcbc _ccopycat _d2 _encip _f20 _gy-genrareb |
||
| 942 |
_2lcc _cBK |
||
| 999 |
_c250335 _d250335 |
||